Online
Catalog

Guía de la evaluación del proceso del desarrollo del niño y la niña : (Record no. 44632)

MARC details
000 -CABECERA
campo de control de longitud fija 00775nam a2200205 a 4500
001 - NÚMERO DE CONTROL
campo de control 000045143
005 - FECHA Y HORA DE LA ÚLTIMA TRANSACCIÓN
campo de control 20250522113441.0
008 - DATOS DE LONGITUD FIJA--INFORMACIÓN GENERAL
campo de control de longitud fija 150205s1998 dr a 000 0 spa d
040 ## - FUENTE DE LA CATALOGACIÓN
Centro catalogador/agencia de origen DO-SdBNP
Lengua de catalogación spa
Centro/agencia transcriptor BNPHU
082 ## - NÚMERO DE LA CLASIFICACIÓN DECIMAL DEWEY
Número de clasificación 372.21
Número de documento/Ítem G943ev
245 #0 - MENCIÓN DE TÍTULO
Título Guía de la evaluación del proceso del desarrollo del niño y la niña :
Resto del título primer ciclo de la educación inicial /
Mención de responsabilidad, etc. presentación Mechy Hernández.
250 ## - MENCIÓN DE EDICIÓN
Mención de edición 3a ed. revisada y actualizada
260 ## - PUBLICACIÓN, DISTRIBUCIÓN, ETC.
Lugar de publicación, distribución, etc. Santo Domingo :
Nombre del editor, distribuidor, etc. ABM Impresora,
Fecha de publicación, distribución, etc. 1998.
300 ## - DESCRIPCIÓN FÍSICA
Extensión 12 p. :
Otras características físicas il. ;
Dimensiones 28 cm.
650 #4 - PUNTO DE ACCESO ADICIONAL DE MATERIA--TÉRMINO DE MATERIA
Término de materia o nombre geográfico como elemento de entrada Educación preescolar
Subdivisión geográfica República Dominicana
9 (RLIN) 73160
650 #4 - PUNTO DE ACCESO ADICIONAL DE MATERIA--TÉRMINO DE MATERIA
Término de materia o nombre geográfico como elemento de entrada Desarrollo infanti
9 (RLIN) 73161
650 #4 - PUNTO DE ACCESO ADICIONAL DE MATERIA--TÉRMINO DE MATERIA
Término de materia o nombre geográfico como elemento de entrada Educación inicial
9 (RLIN) 73162
650 #0 - PUNTO DE ACCESO ADICIONAL DE MATERIA--TÉRMINO DE MATERIA
Término de materia o nombre geográfico como elemento de entrada Niños
Subdivisión general crecimiento
9 (RLIN) 73156
700 12 - PUNTO DE ACCESO ADICIONAL--NOMBRE DE PERSONA
Nombre de persona Hernández, Mechy,
Término indicativo de función/relación pres.
9 (RLIN) 73157
Holdings
Estado de retiro Estado de pérdida Restricciones de uso No para préstamo Código de colección Localización permanente Ubicación/localización actual Ubicación en estantería Fecha de adquisición Número de inventario Total de préstamos Signatura topográfica completa Código de barras Fecha visto por última vez Número de copia Precio válido a partir de Tipo de ítem Koha
        Dominicana de Servicio General General Depósito 26.05.2015 LF1   372.21 G943ev 45143-30 25.06.2020 e. 3 25.06.2020 Libro y Folleto Colección Dominicana de Servicio
      Excluido de préstamo Patrimonio Dominicano Patrimonio Dominicano Patrimonio Dominicano Depósito 05.02.2015 LF1   372.21 G943ev 45143-10 25.06.2020   25.06.2020 Libro y Folleto Colección Patrimonio Dominicano
      Excluido de préstamo Patrimonio Dominicano Patrimonio Dominicano Patrimonio Dominicano Depósito 05.02.2015 LF1   372.21 G943ev 45143-20 25.06.2020 e. 2 25.06.2020 Libro y Folleto Colección Patrimonio Dominicano

Powered by Koha